Nový kontext slovensko-francúzskych vzťahov.

História slovensko-francúzskych vzťahov. Po r. 1989 možnosti širšej spolupráce Slovenska s Francúzskom v oblasti politickej, ekonomickej a kultúrnej. Vznik samostatného Slovenska umožnil kvalitatívne zmeny pri tvorbe a realizácii slovenskej zahraničnej politiky. Výhodná geografická poloha Slovenska...

ver descrição completa

Na minha lista:
Detalhes bibliográficos
Autor principal: Letková, E.
Formato: Capítulo de Livro
Idioma:eslovaco
Assuntos:
Tags: Adicionar Tag
Sem tags, seja o primeiro a adicionar uma tag!

MARC

LEADER 00000naa a2200000 4500
001 r013111
005 20221213082311.6
041 0 |a slo 
044 |a CZ 
245 1 0 |a Nový kontext slovensko-francúzskych vzťahov.  |c E. Letková 
520 |a História slovensko-francúzskych vzťahov. Po r. 1989 možnosti širšej spolupráce Slovenska s Francúzskom v oblasti politickej, ekonomickej a kultúrnej. Vznik samostatného Slovenska umožnil kvalitatívne zmeny pri tvorbe a realizácii slovenskej zahraničnej politiky. Výhodná geografická poloha Slovenska v integrujúcej sa Európe. Vytvorenie podmienok pre vstup francúzskeho kapitálu na Slovensko. 
610 2 0 |a spolupráca hospodárska medzinárodná 
610 2 0 |a Slovensko 
610 2 0 |a Francúzsko 
610 2 0 |a politika zahraničná 
610 2 0 |a kapitál zahraničný 
100 1 |a Letková, E.